000 00860nam a2200217Ia 4500
003 GCL
005 20240530105626.0
008 140319s9999 xx 000 0 ara d
040 _aGCL /
_cGCL
082 0 4 _a370.1965
_bف م
100 1 _aفاتن عدلى
245 1 0 _aالمعونة الامريكية لمصر ام لامريكا :
_bالوجه الاخر للمعونات الخارجية للتعليم /
_cفاتن عدلى
260 _aالقاهرة :
_bدار فرحة للنشر والتوزيع ،
_c2004
300 _a252 ص ؛
_c28 سم
650 0 4 _aالمعونة الاقتصادية الامريكية
650 0 4 _aصندوق النقد الدولى
650 0 4 _aالدولة النامية
650 0 4 _aالمساعدات الاجنبية
650 0 4 _aالتعليم - اغراضه واهدافه - مصر
942 _2ddc
_cBK
999 _c56962
_d56962